« Retourner aux résultats de recherche
Mon enfant face aux troubles alimentaires (TCA)
| Auteur principal: | Stéphanie Legras |
|---|---|
| D'autres auteurs: | Solange Cook |
| Support: | Livres |
| Langue: | Francais |
| Genre: |
Documentaire |
| Sujets: | |
| Étiquettes: |
Ajouter
Pas de Tags !
|
| LEADER | 01042nam0a2200193 450 | ||
|---|---|---|---|
| 001 | 16847999 | ||
| 010 | |a 978-2-340-10502-7 |b br. |d 18,5 | ||
| 100 | |a 20250626d2025 u u0frey01 ba | ||
| 101 | 0 | |a fre | |
| 102 | |a FR | ||
| 200 | 0 | |a Mon enfant face aux troubles alimentaires (TCA) |f Stéphanie Legras, Solange Cook-Darzens | |
| 207 | 1 | |a | |
| 215 | |a 1 vol. (223 p.) |c illustrations en noir et blanc |d 24 x 17 cm | ||
| 330 | |a Une étude sur le développement des troubles alimentaires chez l'enfant et l'adolescent suivie de conseils organisés en trois thématiques : des pistes de diagnostic et de compréhension de la maladie, un point sur les traitements disponibles, la mise en place d'un état d'esprit ainsi que d'un savoir-faire permettant de motiver les jeunes à changer leurs habitudes alimentaires. | ||
| 700 | 0 | |a Legras |b Stéphanie |4 70 | |
| 701 | 0 | |a Cook |b Solange |4 70 | |
| 900 | |a Documentaire | ||
| 901 | |a Accessible au prêt | ||
| 995 | |a Bibliothèque |c Bibliothèque |f 00156011599339 |h 00156011599339 |k 616.3 LEG |o p |q a |r az |e Bibliothèque | ||
